[Event "Oslo Chess Festival 2017 "]
[Site "Quality Hotel Expo, Fornebu"]
[Date "2017.09.29"]
[Round "3"]
[White "Larre, Linnea"]
[Black "Bernstein, Jonas August"]
[Result "1/2-1/2"]
[WhiteElo "1426"]
[BlackElo "1645"]
[PlyCount "124"]
[EventDate "2017.??.??"]

1. e4 c6 2. d4 d5 3. exd5 cxd5 4. Nf3 Nc6 5. c4 Nf6 6. Nbd2 Bf5 7. a3 e6 8. Be2
Bd6 9. b3 O-O 10. O-O Rc8 11. Bb2 h6 12. Ne5 Qc7 13. Ndf3 Rfd8 14. c5 Bf8 15.
h3 a5 16. Re1 b6 17. Nxc6 Qxc6 18. Ne5 Qc7 19. b4 Ne4 20. Bh5 f6 21. Ng6 Bxg6
22. Bxg6 Qf4 23. Qf3 Qxf3 24. gxf3 Nd2 25. Kg2 Nc4 26. Bc3 axb4 27. axb4 bxc5
28. bxc5 Rc6 29. Ra7 Rb8 30. Bf7+ Kh7 31. Bxe6 Rb3 32. Bxd5 Rc8 33. Rc1 Ra3 34.
Rxa3 Nxa3 35. Ra1 Nb5 36. Bb2 Rd8 37. Be4+ Kh8 38. Ra8 Be7 39. Rxd8+ Bxd8 40.
c6 Kg8 41. d5 Bc7 42. Bd3 Nd6 43. Ba3 Kf7 44. f4 g6 45. Kf3 f5 46. Bc2 Nb5 47.
Bc5 Kf6 48. Bb3 Nd6 49. Bd4+ Ke7 50. Be5 Bb6 51. Ke2 Nb5 52. Ba4 Nd6 53. f3 Bc7
54. Kd3 Bb6 55. Kc3 Ba5+ 56. Kd3 Bb6 57. Bxd6+ Kxd6 58. Bb3 Bc7 59. Ke3 Bb6+
60. Kd3 Bc7 61. Kc4 Bb6 62. Kd3 Bc7
1/2-1/2

[Event "Oslo Chess Festival 2017 "]
[Site "Quality Hotel Expo, Fornebu"]
[Date "2017.09.29"]
[Round "3"]
[White "Gaure, Sigurd Lauvås"]
[Black "Beitnes, Andreas Røberg"]
[Result "1/2-1/2"]
[WhiteElo "1640"]
[BlackElo "1430"]
[PlyCount "50"]
[EventDate "2017.??.??"]

1. e4 e5 2. Nf3 Nc6 3. Bb5 a6 4. Ba4 Nf6 5. O-O Be7 6. Re1 b5 7. Bb3 O-O 8. d4
d6 9. c3 Bg4 10. d5 Na5 11. Nbd2 c5 12. Bc2 Nb7 13. b3 a5 14. a3 Qc7 15. Bb2
Rfc8 16. h3 Bh5 17. Re3 Nd7 18. Qf1 b4 19. Qb5 Bxf3 20. Nxf3 Nd8 21. axb4 axb4
22. Ra6 bxc3 23. Rxc3 Rxa6 24. Qxa6 Rb8 25. Ba3 Qb7
1/2-1/2

[Event "Oslo Chess Festival 2017 "]
[Site "Quality Hotel Expo, Fornebu"]
[Date "2017.09.29"]
[Round "3"]
[White "Hestvik, Elias"]
[Black "Tenold, Andreas"]
[Result "0-1"]
[WhiteElo "1354"]
[BlackElo "1625"]
[PlyCount "68"]
[EventDate "2017.??.??"]

1. e4 c5 2. Nf3 Nc6 3. d4 cxd4 4. Nxd4 g6 5. Nc3 Bg7 6. Be3 Nf6 7. Bc4 O-O 8.
f3 Qb6 9. Bb3 Nxe4 10. Nf5 Bxc3+ 11. bxc3 Nxc3 12. Qd3 Qa5 13. Bd2 Qe5+ 14. Kf1
Qxf5 15. Qxc3 Qe5 16. Qxe5 Nxe5 17. Bc3 Nc6 18. h4 e6 19. h5 d5 20. Ba4 a6 21.
Bxc6 bxc6 22. Bf6 Bd7 23. g4 Rab8 24. g5 c5 25. Kf2 d4 26. Rh4 e5 27. Rah1 Bf5
28. Bxe5 Rb2 29. hxg6 Bxg6 30. f4 Rxc2+ 31. Kf3 d3 32. Kg4 Rc4 33. Rd1 Re8 34.
Rh2 Rxe5
0-1

[Event "Oslo Chess Festival 2017 "]
[Site "Quality Hotel Expo, Fornebu"]
[Date "2017.09.29"]
[Round "3"]
[White "Bentsen, Morten"]
[Black "Gabrielsen, Rasmus Arvola"]
[Result "1-0"]
[WhiteElo "1292"]
[BlackElo "1612"]
[PlyCount "83"]
[EventDate "2017.??.??"]

1. d4 Nf6 2. c4 e6 3. Nf3 Bb4+ 4. Bd2 Bxd2+ 5. Nbxd2 O-O 6. e4 d5 7. e5 Nfd7 8.
Qc2 b6 9. Bd3 h6 10. b4 Bb7 11. b5 a6 12. a4 axb5 13. cxb5 c5 14. Qc3 cxd4 15.
Qxd4 Nc5 16. Bc2 Nbd7 17. O-O Qe7 18. Rfc1 Rfc8 19. Rab1 Qd8 20. Rb4 Qe7 21.
Re1 Ra5 22. Nb1 Nf8 23. Nc3 Ncd7 24. Re3 Qc5 25. Qf4 Raa8 26. Ne1 Nxe5 27. Qxe5
Qxb4 28. Rg3 g6 29. Rh3 d4 30. Rxh6 Nh7 31. Bxg6 Qxc3 32. Bxf7+ Kf8 33. Rxh7
Qc5 34. Qxe6 Qc1 35. Rh8+ Kg7 36. Rh5 Re8 37. Qg6+ Kf8 38. Rh8+ Ke7 39. Qe6+
Kd8 40. Rxe8+ Kc7 41. Qe5+ Kd7 42. Qe7#
1-0

[Event "Oslo Chess Festival 2017 "]
[Site "Quality Hotel Expo, Fornebu"]
[Date "2017.09.29"]
[Round "3"]
[White "Eidukas, Paulius"]
[Black "Naudeer, Terje Skonseng"]
[Result "1-0"]
[WhiteElo "1546"]
[BlackElo "1207"]
[PlyCount "59"]
[EventDate "2017.??.??"]

1. e4 c5 2. Nf3 d6 3. d4 cxd4 4. Nxd4 Nf6 5. Nc3 g6 6. Be3 Bg7 7. f3 a6 8. Bc4
O-O 9. Qd2 Bd7 10. O-O-O Nc6 11. Bb3 Rc8 12. Kb1 Na5 13. Bh6 Nxb3 14. Nxb3 Be6
15. Bxg7 Kxg7 16. h4 Nd7 17. h5 Ne5 18. hxg6 fxg6 19. Qh6+ Kf7 20. f4 Ng4 21.
Qxh7+ Ke8 22. Qxg6+ Kd7 23. f5 Bf7 24. Qxg4 Rg8 25. Qf4 Rxg2 26. f6 Rg6 27.
fxe7 Qxe7 28. Rh7 Rf6 29. Qg4+ Qe6 30. Nd5
1-0

[Event "Oslo Chess Festival 2017 "]
[Site "Quality Hotel Expo, Fornebu"]
[Date "2017.09.29"]
[Round "4"]
[White "Gajewski, Grzegorz"]
[Black "Chu, Wei Chao"]
[Result "1/2-1/2"]
[WhiteElo "2630"]
[BlackElo "2340"]
[PlyCount "118"]
[EventDate "2017.??.??"]

1. d4 Nf6 2. c4 g6 3. Nc3 d5 4. e3 Bg7 5. cxd5 Nxd5 6. Bc4 Nb6 7. Bb3 O-O 8.
Nf3 c5 9. O-O Na6 10. Ne5 Bf5 11. f4 Rc8 12. g4 Be6 13. d5 Bd7 14. a4 c4 15.
Ba2 e6 16. e4 Nc5 17. Nxd7 Qxd7 18. a5 Nba4 19. dxe6 Qd4+ 20. Qxd4 Bxd4+ 21.
Kg2 Nxc3 22. bxc3 Bxc3 23. Rb1 Nxe4 24. Rxb7 fxe6 25. Rxa7 Bd4 26. Rd7 Nc3 27.
Rxd4 Nxa2 28. Ba3 Rfd8 29. Rxd8+ Rxd8 30. Ra1 Nc3 31. a6 Ne4 32. a7 Ra8 33. Bb4
c3 34. Kf3 Nd2+ 35. Ke3 Nb3 36. Ra3 c2 37. Bd2 c1=Q 38. Bxc1 Nxc1 39. Kd4 Ne2+
40. Kc5 Nxf4 41. Kb6 Kg7 42. Kb7 Rxa7+ 43. Rxa7 Kf6 44. Kc6 Kg5 45. Rxh7 Kxg4
46. Kd6 Kf5 47. Rf7+ Ke4 48. Ke7 Ke5 49. Kf8 Nh5 50. Kg8 Ke4 51. Rf1 Nf4 52.
Kg7 Kf5 53. Kh6 e5 54. Rg1 e4 55. Rg3 Kf6 56. Re3 Kf5 57. Re1 Nd3 58. Re2 Ne5
59. h4 Nf3
1/2-1/2

[Event "Oslo Chess Festival 2017 "]
[Site "Quality Hotel Expo, Fornebu"]
[Date "2017.09.29"]
[Round "4"]
[White "Stany, G.A."]
[Black "Vovk, Andriy"]
[Result "1/2-1/2"]
[WhiteElo "2491"]
[BlackElo "2622"]
[PlyCount "129"]
[EventDate "2017.??.??"]

1. e4 c5 2. Nf3 d6 3. d4 cxd4 4. Nxd4 Nf6 5. Nc3 Nc6 6. f3 Qb6 7. Nb3 a6 8. Qe2
e6 9. a4 e5 10. Be3 Qc7 11. O-O-O Be6 12. Kb1 Nb4 13. g4 h6 14. Rg1 d5 15. exd5
Nfxd5 16. Nxd5 Nxd5 17. Bd2 Rc8 18. Rc1 Be7 19. Qe1 Bg5 20. Bd3 Bxd2 21. Qxd2
Nf4 22. Bf5 O-O 23. Bxe6 Nxe6 24. Rge1 Rfd8 25. Qa5 Qc6 26. Qxe5 Qxa4 27. Qe4
Qxe4 28. Rxe4 Rd5 29. f4 g6 30. Rf1 Rcd8 31. f5 gxf5 32. gxf5 Ng5 33. Re7 R5d7
34. Rxd7 Rxd7 35. c3 Kg7 36. Kc2 Kf6 37. Nc5 Rc7 38. b4 a5 39. h4 Nh7 40. Kd3
axb4 41. cxb4 Ke5 42. Nb3 Nf6 43. Nd4 Nd5 44. Re1+ Kf6 45. b5 Nb4+ 46. Kd2 Rc4
47. Nb3 Rc2+ 48. Kd1 Rc3 49. Nd2 Rd3 50. Re8 Rd7 51. Ke2 Nd5 52. Nc4 Nc3+ 53.
Kf3 Nxb5 54. Ne5 Rc7 55. Ng4+ Kg7 56. f6+ Kh7 57. Re7 h5 58. Ne5 Rxe7 59. fxe7
Nd6 60. Nxf7 Ne8 61. Ke4 Kg6 62. Nd8 Kf6 63. Nxb7 Kxe7 64. Kf5 Nd6+ 65. Nxd6
1/2-1/2

[Event "Oslo Chess Festival 2017 "]
[Site "Quality Hotel Expo, Fornebu"]
[Date "2017.09.29"]
[Round "4"]
[White "Maze, Sebastien"]
[Black "Pigott, John C"]
[Result "1-0"]
[WhiteElo "2614"]
[BlackElo "2408"]
[PlyCount "101"]
[EventDate "2017.??.??"]

1. e4 e6 2. d4 d5 3. Nd2 Be7 4. c3 c5 5. dxc5 Nf6 6. exd5 Qxd5 7. b4 O-O 8.
Ngf3 Rd8 9. Bc4 Qf5 10. O-O Nd5 11. Qb3 Nxc3 12. Bb2 Nd5 13. Rfe1 Nc6 14. a3
Nf6 15. Nf1 Bd7 16. h3 Qf4 17. Ne5 Nxe5 18. Bxe5 Qh4 19. Bc7 Re8 20. Bg3 Qh6
21. Ne3 b6 22. Rad1 bxc5 23. Ng4 Nxg4 24. hxg4 Rad8 25. Bc7 cxb4 26. Bxd8 Rxd8
27. Rd3 Qf4 28. Red1 Qc7 29. axb4 Be8 30. Rxd8 Bxd8 31. Qd3 Be7 32. Bb5 Bxb5
33. Qxb5 g6 34. g3 Bf8 35. Qe8 Qe7 36. Qxe7 Bxe7 37. b5 Bc5 38. g5 Kf8 39. Rd7
Bb6 40. Kg2 Ke8 41. Rb7 Kf8 42. Kf3 Kg7 43. Ke2 Kf8 44. f3 Kg7 45. Kd3 Bg1 46.
Ke4 Bf2 47. g4 Bb6 48. Ke5 Bc5 49. Rd7 Bb6 50. Kd6 Bf2 51. Ke7
1-0

[Event "Oslo Chess Festival 2017 "]
[Site "Quality Hotel Expo, Fornebu"]
[Date "2017.09.29"]
[Round "4"]
[White "Li, Di"]
[Black "Cornette, Matthieu"]
[Result "1-0"]
[WhiteElo "2459"]
[BlackElo "2602"]
[PlyCount "73"]
[EventDate "2017.??.??"]

1. Nf3 Nf6 2. c4 e6 3. Nc3 d5 4. d4 Bb4 5. Bg5 h6 6. Bxf6 Qxf6 7. Qb3 c5 8.
cxd5 exd5 9. a3 Bxc3+ 10. Qxc3 c4 11. b3 Be6 12. bxc4 dxc4 13. e4 O-O 14. Be2
Nc6 15. Rc1 Bg4 16. d5 Qxc3+ 17. Rxc3 Na5 18. Nd4 Rfe8 19. Re3 Bd7 20. Kd2 Rac8
21. Kc3 Rc5 22. Rb1 b6 23. Rb4 Rec8 24. h3 Nb3 25. Nxb3 cxb3+ 26. Kd4 f5 27.
Rbxb3 Rc2 28. Bd3 Rxf2 29. Rf3 Rxg2 30. e5 Rd8 31. Rc3 Be6 32. d6 f4 33. Rxf4
Rd2 34. Ke3 Rh2 35. Bf5 Bxf5 36. Rxf5 Rxh3+ 37. Kd4
1-0

[Event "Oslo Chess Festival 2017 "]
[Site "Quality Hotel Expo, Fornebu"]
[Date "2017.09.29"]
[Round "4"]
[White "Stark, Lars"]
[Black "Urkedal, Frode Olav Olsen"]
[Result "0-1"]
[WhiteElo "2397"]
[BlackElo "2570"]
[PlyCount "88"]
[EventDate "2017.??.??"]

1. Nf3 Nf6 2. c4 e6 3. g3 d5 4. Bg2 Be7 5. O-O O-O 6. Ne5 c5 7. cxd5 exd5 8. e3
Bf5 9. d4 Nc6 10. Nc3 Rc8 11. Nxc6 bxc6 12. b3 cxd4 13. exd4 Ne4 14. Bb2 Re8
15. Na4 Bd6 16. Rc1 Qg5 17. Nc5 h5 18. Nxe4 dxe4 19. Rc3 h4 20. Qc1 Qg6 21. Ba3
h3 22. Bh1 Red8 23. Bxd6 Rxd6 24. Qf4 Rxd4 25. f3 Rcd8 26. fxe4 Bxe4 27. Bxe4
Rxe4 28. Qf2 Red4 29. Re3 Rd2 30. Re2 Rxe2 31. Qxe2 Qd3 32. Re1 Qd4+ 33. Kh1
Rd6 34. Qe8+ Kh7 35. Qe2 Re6 36. Qc2+ Kg8 37. Rd1 g6 38. Rf1 Kg7 39. Rd1 a5 40.
Rf1 c5 41. Rd1 Re5 42. Rf1 Rf5 43. Rd1 Rf2 44. Qb1 Qe3
0-1

[Event "Oslo Chess Festival 2017 "]
[Site "Quality Hotel Expo, Fornebu"]
[Date "2017.09.29"]
[Round "4"]
[White "Xu, Yi"]
[Black "Chatalbashev, Boris"]
[Result "1/2-1/2"]
[WhiteElo "2439"]
[BlackElo "2537"]
[PlyCount "34"]
[EventDate "2017.??.??"]

1. e4 c5 2. Nf3 Nc6 3. Bb5 g6 4. Bxc6 dxc6 5. h3 Bg7 6. d3 b6 7. a4 a5 8. Nc3
e5 9. Be3 Ne7 10. Qd2 h6 11. Nh2 Be6 12. f4 exf4 13. Bxf4 g5 14. Bg3 f5 15. Nf3
O-O 16. O-O-O f4 17. Bf2 Ra7
1/2-1/2

[Event "Oslo Chess Festival 2017 "]
[Site "Quality Hotel Expo, Fornebu"]
[Date "2017.09.29"]
[Round "4"]
[White "Blomqvist, Erik"]
[Black "Mikalsen, Erlend"]
[Result "1-0"]
[WhiteElo "2521"]
[BlackElo "2322"]
[PlyCount "57"]
[EventDate "2017.??.??"]

1. Nf3 d5 2. g3 Bg4 3. Bg2 c6 4. c4 e6 5. cxd5 exd5 6. Qb3 Qb6 7. Qc2 Nf6 8.
O-O Bd6 9. Nc3 O-O 10. d3 Nbd7 11. e4 Rfe8 12. Be3 Qa5 13. Nd4 dxe4 14. dxe4
Qh5 15. f3 Bh3 16. Bxh3 Qxh3 17. Nf5 Bc7 18. Rad1 Ne5 19. Nb5 Bb6 20. Bxb6 axb6
21. Nc7 Rxa2 22. Nxe8 Nxe8 23. Rd8 Kf8 24. Qc3 Ra5 25. b4 Ra2 26. Rxe8+ Kxe8
27. Qxe5+ Kd7 28. Qd6+ Kc8 29. Ne7#
1-0

[Event "Oslo Chess Festival 2017 "]
[Site "Quality Hotel Expo, Fornebu"]
[Date "2017.09.29"]
[Round "4"]
[White "Ingebretsen, Jens E"]
[Black "Arvola, Benjamin"]
[Result "0-1"]
[WhiteElo "2062"]
[BlackElo "2458"]
[PlyCount "140"]
[EventDate "2017.??.??"]

1. e4 e5 2. Nf3 Nc6 3. Bc4 Bc5 4. O-O Nf6 5. d3 a6 6. c3 Ba7 7. Bb3 d6 8. Nbd2
O-O 9. h3 Be6 10. Re1 Bxb3 11. axb3 Re8 12. Nf1 d5 13. Ng3 h6 14. b4 Qd7 15.
Qc2 Rad8 16. Bd2 dxe4 17. dxe4 Qd3 18. Qxd3 Rxd3 19. Be3 Bxe3 20. Rxe3 Rxe3 21.
fxe3 Na7 22. Ra5 Nc6 23. Ra1 g6 24. Kf1 Na7 25. Ke2 Nc8 26. Ra5 Nd7 27. Nd2 Nd6
28. Nh1 f6 29. Nf2 Kf7 30. Nd3 Ke7 31. Ra1 h5 32. Nc5 Rg8 33. Rf1 Nf8 34. b3
Ne6 35. Rd1 g5 36. g3 Ra8 37. Ra1 Nd8 38. c4 Rc8 39. Nd3 c6 40. Rh1 Ne6 41. Nc5
Nc7 42. Rd1 Ra8 43. Na4 a5 44. Nb6 Ra6 45. c5 Ndb5 46. Nb1 axb4 47. Rd7+ Ke8
48. Rh7 Ra2+ 49. Nd2 Nc3+ 50. Ke1 Ne6 51. Nd7 Kd8 52. Nc4 Ra1+ 53. Kf2 Nxe4+
54. Kg2 Ra2+ 55. Kg1 Ra1+ 56. Kg2 Ra2+ 57. Kg1 N6xc5 58. Nf8 Ra1+ 59. Kg2 Ra2+
60. Kg1 b5 61. Nb6 Ra1+ 62. Kg2 Ra2+ 63. Kg1 Ra6 64. Nbd7 Ra1+ 65. Kg2 Ra2+ 66.
Kg1 Nxd7 67. Nxd7 Ra7 68. Rh8+ Kc7 69. Rh7 Kd6 70. Nxf6 Ra1+
0-1

[Event "Oslo Chess Festival 2017 "]
[Site "Quality Hotel Expo, Fornebu"]
[Date "2017.09.29"]
[Round "4"]
[White "Bartholomew, John"]
[Black "Haug, Johannes"]
[Result "1-0"]
[WhiteElo "2449"]
[BlackElo "2379"]
[PlyCount "125"]
[EventDate "2017.??.??"]

1. d4 Nf6 2. c4 e6 3. Nc3 Bb4 4. e3 O-O 5. Bd3 d5 6. Nf3 c5 7. O-O dxc4 8. Bxc4
b6 9. Qe2 cxd4 10. exd4 Bb7 11. Bg5 Bxc3 12. bxc3 Nbd7 13. Rac1 Qc7 14. Nd2
Rac8 15. Bb3 Qc6 16. f3 b5 17. Rfe1 Qb6 18. c4 bxc4 19. Nxc4 Qa6 20. Ne5 Rxc1
21. Bxc1 Qd6 22. Nxf7 Rxf7 23. Qxe6 Qxe6 24. Bxe6 Bd5 25. Bxf7+ Kxf7 26. Bd2
Nb8 27. Bb4 Nc6 28. Bc5 Bxa2 29. Ra1 Bc4 30. Bxa7 Ke6 31. Bc5 Nd7 32. Ra8 Nxc5
33. dxc5 Kd5 34. Rg8 g6 35. Rg7 Kxc5 36. Rxh7 Kd6 37. Kf2 Ne7 38. h4 Ke6 39. h5
gxh5 40. Rxh5 Kf6 41. g4 Be6 42. Kg3 Kf7 43. Rh7+ Kf8 44. f4 Bg8 45. Rh6 Kg7
46. Ra6 Bh7 47. Kh4 Kf7 48. Kg5 Bd3 49. Rf6+ Kg7 50. Rd6 Bb5 51. f5 Kf7 52.
Rf6+ Ke8 53. Rb6 Bd7 54. Rd6 Nc6 55. Kf6 Ne7 56. Rd2 Bb5 57. Rb2 Nd5+ 58. Kg7
Bd7 59. Re2+ Kd8 60. Re4 Nc7 61. f6 Ne6+ 62. Rxe6 Bxe6 63. f7
1-0

[Event "Oslo Chess Festival 2017 "]
[Site "Quality Hotel Expo, Fornebu"]
[Date "2017.09.29"]
[Round "4"]
[White "Østenstad, Berge"]
[Black "Devereaux, Maxim L"]
[Result "1-0"]
[WhiteElo "2447"]
[BlackElo "2357"]
[PlyCount "93"]
[EventDate "2017.??.??"]

1. d4 Nf6 2. c4 g6 3. Nc3 d5 4. cxd5 Nxd5 5. e4 Nxc3 6. bxc3 Bg7 7. Be3 O-O 8.
Nf3 c5 9. Qd2 Bg4 10. d5 Bxf3 11. gxf3 Nd7 12. f4 Qa5 13. Rc1 c4 14. e5 b5 15.
Bg2 Rad8 16. O-O g5 17. fxg5 Nxe5 18. Bd4 Nd3 19. Bxg7 Kxg7 20. Rb1 a6 21. a4
Qb6 22. Kh1 Rh8 23. axb5 axb5 24. f4 h6 25. f5 Rd6 26. Ra1 hxg5 27. Qxg5+ Kf8
28. Ra8+ Rd8 29. f6 exf6 30. Rxd8+ Qxd8 31. Qxf6 Qxf6 32. Rxf6 Kg7 33. Rb6 Ra8
34. h4 Ra1+ 35. Kh2 Nf4 36. Bf3 Ra3 37. Kg3 Nd3 38. d6 Ne5 39. Rxb5 Nxf3 40. d7
Rxc3 41. d8=Q Nd4+ 42. Kg4 Nxb5 43. Qg5+ Kf8 44. Qxb5 Rc2 45. Qb8+ Kg7 46. Qe5+
Kg8 47. Kf3
1-0

[Event "Oslo Chess Festival 2017 "]
[Site "Quality Hotel Expo, Fornebu"]
[Date "2017.09.29"]
[Round "4"]
[White "Ernst, Thomas"]
[Black "Djurhuus, Rune"]
[Result "1/2-1/2"]
[WhiteElo "2371"]
[BlackElo "2417"]
[PlyCount "172"]
[EventDate "2017.??.??"]

1. e4 Nc6 2. Nf3 d6 3. d4 Nf6 4. Nc3 g6 5. Bb5 a6 6. Bxc6+ bxc6 7. O-O Bg7 8.
e5 Nd5 9. Bd2 O-O 10. Re1 Bf5 11. a3 Nb6 12. Bf4 a5 13. h3 a4 14. Qc1 Re8 15.
Bh6 Bh8 16. g4 Bc8 17. Qf4 Bg7 18. Re2 Rf8 19. Bxg7 Kxg7 20. Rae1 Ba6 21. Re4
d5 22. R4e3 Nc4 23. Nxa4 Nxe3 24. Rxe3 Be2 25. Nc5 Bxf3 26. Rxf3 h6 27. a4 Qc8
28. Kg2 f5 29. g5 h5 30. e6 Kg8 31. b3 Rd8 32. Qe5 Rd6 33. b4 Qf8 34. h4 Qb8
35. Rb3 Qa7 36. a5 Qb8 37. Nd7 Qe8 38. Re3 Kh7 39. c3 Qh8 40. Qxh8+ Kxh8 41. f4
Kg7 42. Kf2 Rxd7 43. exd7 Kf7 44. Ke2 e6 45. Kd3 Ke7 46. Kc2 Kxd7 47. Kb3 Ra7
48. Re1 Kd6 49. Ra1 Kd7 50. Ka4 Kc8 51. Rb1 Kd7 52. b5 cxb5+ 53. Rxb5 Ra8 54.
Kb4 Kd6 55. c4 dxc4 56. Kxc4 c6 57. Re5 Ra7 58. Kb4 Ra8 59. Re3 Kd5 60. Ka4 Kd6
61. Ra3 Ra6 62. Rb3 Kc7 63. Kb4 Kd6 64. Re3 Ra8 65. Ra3 Kd5 66. a6 Kxd4 67. Ka5
e5 68. fxe5 Kxe5 69. Rc3 Kd6 70. Rd3+ Kc7 71. Re3 Kd6 72. Rb3 f4 73. Rb7 Ke5
74. Rf7 Ke4 75. Rf6 f3 76. Rxg6 Rf8 77. Re6+ Kd3 78. Rxc6 f2 79. Rc1 f1=Q 80.
Rxf1 Rxf1 81. a7 Rf8 82. Kb6 Ke4 83. Kb7 Rf7+ 84. Kb6 Rf8 85. Kb7 Rf7+ 86. Kb8
Rf8+
1/2-1/2

[Event "Oslo Chess Festival 2017 "]
[Site "Quality Hotel Expo, Fornebu"]
[Date "2017.09.29"]
[Round "4"]
[White "Efroimski, Marsel"]
[Black "Rishovd, Svein"]
[Result "0-1"]
[WhiteElo "2331"]
[BlackElo "2109"]
[PlyCount "148"]
[EventDate "2017.??.??"]

1. e4 e6 2. d4 d5 3. Nc3 Bb4 4. Nge2 dxe4 5. a3 Be7 6. Nxe4 Nf6 7. Nxf6+ Bxf6
8. Be3 O-O 9. Qd2 c5 10. O-O-O cxd4 11. Nxd4 b6 12. Bc4 Bb7 13. Qe2 Qe7 14. f4
Nc6 15. Nb3 Rfc8 16. Rd2 Nb4 17. Bd4 Nd5 18. Rf1 a5 19. Rf2 a4 20. Bxf6 Nxf6
21. Nd4 Ne4 22. Bd3 Nxf2 23. Qxf2 Ra5 24. Nb5 Qc5 25. Qh4 f5 26. Nc3 Raa8 27.
Re2 Qd6 28. g4 Qxf4+ 29. Kb1 Qxg4 30. Qe7 Qg1+ 31. Ka2 Bd5+ 32. Nxd5 exd5 33.
Qe6+ Kh8 34. Qxf5 Qg6 35. Qxd5 Qf6 36. Re6 Qf7 37. Qe4 g6 38. Kb1 Rf8 39. Rxb6
Rae8 40. Qd4+ Qg7 41. Qb4 Qe5 42. Qxa4 Qxh2 43. Rb4 Qh1+ 44. Ka2 Qd5+ 45. Bc4
Qe5 46. Rb5 Qf6 47. Qb4 Rc8 48. Qb3 Qd4 49. Bd3 Qf6 50. Rb7 Rfe8 51. Bc4 Re7
52. Rb4 h5 53. Rb6 Rc6 54. Rb8+ Kh7 55. Bd5 Rd6 56. Ra8 Qe5 57. c4 Rdd7 58. Qf3
Qf5 59. Qb3 Qf4 60. Bc6 Rd2 61. c5 Qf7 62. Qxf7+ Rxf7 63. Ba4 Rb7 64. Bb3 Rc7
65. Ra5 h4 66. Ra4 g5 67. Rc4 h3 68. Bc2+ Kh6 69. Be4 g4 70. c6 Kg5 71. Rb4 g3
72. Rb5+ Kf4 73. Bd5 Rxd5 74. Rxd5 g2
0-1

[Event "Oslo Chess Festival 2017 "]
[Site "Quality Hotel Expo, Fornebu"]
[Date "2017.09.29"]
[Round "4"]
[White "Federovski, Adi"]
[Black "Gabrielsen, Stig"]
[Result "0-1"]
[WhiteElo "2030"]
[BlackElo "2314"]
[PlyCount "52"]
[EventDate "2017.??.??"]

1. e4 c5 2. Nf3 Nc6 3. d4 cxd4 4. Nxd4 Nf6 5. Nc3 d6 6. Bg5 e6 7. Qd2 a6 8.
O-O-O Be7 9. f3 O-O 10. h4 Nxd4 11. Qxd4 b5 12. g4 Qa5 13. Kb1 Bb7 14. h5 b4
15. Nd5 Nxd5 16. Bxe7 Nxe7 17. h6 gxh6 18. Rh5 Qc7 19. Qe3 f6 20. Qxh6 Rf7 21.
Bd3 e5 22. Rdh1 Kh8 23. Bf1 a5 24. g5 Ng8 25. Qg6 Rg7 26. Qf5 Bc8
0-1

[Event "Oslo Chess Festival 2017 "]
[Site "Quality Hotel Expo, Fornebu"]
[Date "2017.09.29"]
[Round "4"]
[White "Tryggestad, Andreas G"]
[Black "Smeby, Ole"]
[Result "1-0"]
[WhiteElo "2302"]
[BlackElo "1985"]
[PlyCount "91"]
[EventDate "2017.??.??"]

1. e4 d5 2. exd5 Qxd5 3. Nf3 Bg4 4. Be2 c6 5. d4 Nf6 6. O-O e6 7. h3 Bxf3 8.
Bxf3 Qa5 9. c4 Nbd7 10. Nc3 Qc7 11. d5 cxd5 12. cxd5 O-O-O 13. Be3 Bc5 14. Bxc5
Qxc5 15. Rc1 Kb8 16. b4 Qxb4 17. dxe6 Nc5 18. Qe2 fxe6 19. Qe5+ Ka8 20. Rb1 Qd4
21. Qc7 Rd7 22. Qa5 Nd5 23. Nxd5 exd5 24. Rfd1 Nd3 25. Qd2 Qxf2+ 26. Qxf2 Nxf2
27. Kxf2 Rhd8 28. Rd4 Kb8 29. Rb5 Rc7 30. Rbxd5 Rxd5 31. Rxd5 Rc2+ 32. Kg3 Kc7
33. Rf5 Rxa2 34. Rf7+ Kd6 35. Rxb7 a5 36. Rxg7 a4 37. Rxh7 a3 38. Ra7 Kc5 39.
h4 Kb4 40. h5 Ra1 41. h6 Rh1 42. h7 Kb3 43. Kf4 Kb2 44. g4 a2 45. Rxa2+ Kxa2
46. Bxh1
1-0

[Event "Oslo Chess Festival 2017 "]
[Site "Quality Hotel Expo, Fornebu"]
[Date "2017.09.29"]
[Round "4"]
[White "Bruaset, Eivind"]
[Black "Kvisvik, Brede Alex."]
[Result "1-0"]
[WhiteElo "2012"]
[BlackElo "2296"]
[PlyCount "109"]
[EventDate "2017.??.??"]

1. e4 c5 2. Nf3 d6 3. d4 cxd4 4. Nxd4 Nf6 5. Nc3 a6 6. Be3 e6 7. f3 b5 8. a3
Bb7 9. Qd2 Nc6 10. O-O-O Qc7 11. Ndxb5 axb5 12. Nxb5 Qd8 13. Nxd6+ Bxd6 14.
Qxd6 Qxd6 15. Rxd6 O-O 16. Be2 Rfc8 17. Rhd1 h6 18. Bb6 Ba6 19. Bxa6 Rxa6 20.
Be3 Raa8 21. Bf2 g5 22. h3 Nh5 23. h4 g4 24. Be3 gxf3 25. gxf3 Ne5 26. Bxh6
Nxf3 27. Rf1 Ne5 28. Bd2 Rc4 29. Rg1+ Ng6 30. Re1 Ng3 31. Rd7 Rxe4 32. Rxe4
Nxe4 33. Be1 Ne5 34. Rd4 f5 35. c4 Nf3 36. Rd1 Nxe1 37. Rxe1 Ra4 38. b4 Rxa3
39. Kb2 Rh3 40. c5 Kf7 41. c6 Ke7 42. Rd1 e5 43. Rd5 Ke6 44. Rd8 Rc3 45. b5 Rc5
46. Ka3 Nd6 47. h5 Rxb5 48. h6 Ra5+ 49. Kb4 Ra7 50. Kc5 Nf7 51. h7 Rc7 52. Rf8
f4 53. Rxf7 Rc8 54. Rg7 Rh8 55. c7
1-0

[Event "Oslo Chess Festival 2017 "]
[Site "Quality Hotel Expo, Fornebu"]
[Date "2017.09.29"]
[Round "4"]
[White "Lund, Gunnar"]
[Black "Sidali, Elias Hulleberg"]
[Result "0-1"]
[WhiteElo "2244"]
[BlackElo "1763"]
[PlyCount "36"]
[EventDate "2017.??.??"]

1. e4 c6 2. d4 d5 3. Nd2 dxe4 4. Nxe4 Nf6 5. Nxf6+ exf6 6. c3 Bd6 7. Bd3 O-O 8.
Ne2 Re8 9. Qc2 h5 10. O-O h4 11. h3 Nd7 12. Be3 Nf8 13. c4 Be6 14. a3 Qd7 15.
Qd2 Bxh3 16. gxh3 Qxh3 17. Nf4 Qg4+ 18. Kh2 Ne6
0-1

[Event "Oslo Chess Festival 2017 "]
[Site "Quality Hotel Expo, Fornebu"]
[Date "2017.09.29"]
[Round "4"]
[White "Myhrvold, Rune"]
[Black "Grøver, Sigurd Loe"]
[Result "1-0"]
[WhiteElo "2243"]
[BlackElo "1816"]
[PlyCount "111"]
[EventDate "2017.??.??"]

1. e4 e6 2. Nf3 d5 3. e5 c5 4. b4 d4 5. bxc5 Bxc5 6. Ba3 Qa5 7. Qe2 Bd7 8. Bxc5
Qxc5 9. Qe4 Nc6 10. c3 Nge7 11. Nxd4 Nxd4 12. Qxd4 Qxd4 13. cxd4 Nc6 14. Nc3
Nxd4 15. Bd3 Bc6 16. O-O Rd8 17. Be4 Ne2+ 18. Kh1 Nxc3 19. Bxc6+ bxc6 20. dxc3
O-O 21. Rfd1 Rd5 22. Rxd5 cxd5 23. g3 Rb8 24. Rd1 g5 25. Rd2 Rb1+ 26. Kg2 Rc1
27. Rd3 Rc2 28. a4 g4 29. Rd4 h5 30. h3 gxh3+ 31. Kxh3 Rxc3 32. Kg2 Kg7 33. Kf1
Kg6 34. Ke2 Ra3 35. Rf4 Rc3 36. Kd2 Rc7 37. Kd3 f6 38. Rxf6+ Kg5 39. Rxe6 Kf5
40. Rh6 Kxe5 41. Rxh5+ Ke6 42. f4 Rc4 43. Rh6+ Kf5 44. Rd6 Rxa4 45. Rxd5+ Kf6
46. Ke3 Ra3+ 47. Rd3 Ra1 48. g4 a5 49. Rd6+ Kf7 50. Ke4 Rb1 51. g5 Rb5 52. Rd5
Rb4+ 53. Kf5 a4 54. Ra5 Kf8 55. g6 Kg7 56. Kg5 
1-0

[Event "Oslo Chess Festival 2017 "]
[Site "Quality Hotel Expo, Fornebu"]
[Date "2017.09.29"]
[Round "4"]
[White "Ronneland, Daniel"]
[Black "Johansen, Kai-Roger"]
[Result "1-0"]
[WhiteElo "2218"]
[BlackElo "1950"]
[PlyCount "106"]
[EventDate "2017.??.??"]

1. d4 d5 2. c4 c6 3. Nf3 Nf6 4. e3 Bf5 5. Nc3 e6 6. Bd3 Bxd3 7. Qxd3 Nbd7 8.
O-O Be7 9. b3 O-O 10. Bb2 Re8 11. Rad1 Qc7 12. Rd2 Rad8 13. a3 Bd6 14. c5 Bf8
15. b4 a6 16. Ne2 Ne4 17. Rdd1 f6 18. Ne1 e5 19. f3 Ng5 20. dxe5 Nxe5 21. Bxe5
fxe5 22. Qb3 Kh8 23. Ng3 e4 24. f4 Nf7 25. Nc2 Nh6 26. Nd4 Rd7 27. f5 Rf7 28.
Rf4 Be7 29. Rdf1 Bf6 30. Qd1 Be5 31. Qh5 Ng8 32. Ne6 Qe7 33. Ng5 Nh6 34. Nxf7+
Qxf7 35. Rh4 Qxh5 36. Nxh5 Ng8 37. Nf4 Bxf4 38. Rhxf4 Nf6 39. g4 Rf8 40. g5 Nd7
41. f6 g6 42. h4 Ne5 43. Kg2 Nc4 44. Kf2 Nxa3 45. h5 gxh5 46. Rh4 Nc2 47. Rb1
Na3 48. Rbh1 Kg8 49. Rxh5 Kf7 50. Rxh7+ Kg6 51. Rg7+ Kf5 52. Kg3 Nc2 53. Rf1+
Ke6
1-0

[Event "Oslo Chess Festival 2017 "]
[Site "Quality Hotel Expo, Fornebu"]
[Date "2017.09.29"]
[Round "4"]
[White "Greibrokk, Ingrid"]
[Black "Sousa, Ludy Helsio P"]
[Result "0-1"]
[WhiteElo "1820"]
[BlackElo "2171"]
[PlyCount "72"]
[EventDate "2017.??.??"]

1. c4 e5 2. g3 Nf6 3. Bg2 d5 4. d3 Nc6 5. cxd5 Nxd5 6. Nc3 Be6 7. Nf3 Be7 8.
O-O Nb6 9. Be3 f5 10. Qc1 h6 11. Rd1 Bf6 12. Bc5 Nd7 13. Be3 O-O 14. d4 exd4
15. Nxd4 Nxd4 16. Bxd4 c6 17. Bc5 Re8 18. e4 Qa5 19. b4 Qc7 20. Bd6 Qb6 21. Qc2
fxe4 22. Bxe4 Bg4 23. Re1 Qd4 24. Bh7+ Kh8 25. Ne4 Rxe4 26. Qxe4 Qxd6 27. Qxg4
Bxa1 28. Bf5 Ne5 29. Qh5 Bd4 30. Kg2 Qd5+ 31. Be4 Qf7 32. Qe2 Qc4 33. Qh5 Rf8
34. Re2 Qf7 35. Qh3 Bxf2 36. a3 Bd4
0-1